00721nam a2200169 a 450000100100000000500170001000800410002704000250006810000260009324500740011926000420019330000210023550000750025670000260033195201770035799900170053400003616520200930074926.0120110s19uu mx 000 0 spa d aDO-SdBNPbspacBNPHU1 aAdler, Alfredo96220710aConocimiento del hombre /cAlfredo Adler ; traducción Humbeto Bark. aMéxico :bEditorial Diana,c[19u?]. a252 p. ;c20 cm. aPerteneció a la biblioteca personal de Juan Isidro Jimenes Grullón1 aBart, Humberto962208 001050718MOaGRbGRcCTd2012-01-10iLF1l0o p36165-10r2020-06-25w2020-06-25y1zPerteneció a la biblioteca personal de Juan Isidro Jimenes GrullónZNo se presta c35656d35656